Elastodynamická analýza elektrických lán so spojkou

Guardado en:
Detalles Bibliográficos
Autor principal: Lukáč, Miroslav (Autor)
Otros Autores: Murín, Justín (Orientador)
Formato: Manuscrito Libro
Lenguaje:eslovaco
Publicado: 2015
Materias:
Acceso en línea:http://is.stuba.sk/zp/portal_zp.pl?podrobnosti=111710
Etiquetas: Agregar Etiqueta
Sin Etiquetas, Sea el primero en etiquetar este registro!

MARC

LEADER 00000ntm a22000003a 4500
001 stuzp46851
003 SK-STU
005 20160719153141.4
007 ta
008 150427s2015----xo-----f-mn---000-0-slo-d
040 |a STU  |b slo 
041 0 |a slo 
100 1 |a Lukáč, Miroslav  |u 030400  |4 aut  |U FEI Fakulta elektrotechniky a informatiky  |T FEI Ústav automobilovej mechatroniky  |X 6102  |U E400  |Y 642  |7 A000006102 
242 0 1 |a Elastodynamic analysis of electric cable with clutch  |y eng 
245 1 0 |a Elastodynamická analýza elektrických lán so spojkou 
260 |c 2015 
300 |a 77 s. 
650 4 |a elastodynamika  |2 slo 
650 4 |a modálna analýza  |2 slo 
650 4 |a harmonická analýza  |2 slo 
650 4 |a MKP  |2 slo 
650 4 |a elektrické vedenie  |2 slo 
650 4 |a modal analysis  |2 eng 
650 4 |a harmonic analysis  |2 eng 
650 4 |a FEM  |2 eng 
650 4 |a power line  |2 eng 
650 4 |a elastodynamics  |2 eng 
700 1 |a Murín, Justín  |4 ths  |X 1830  |7 A000001830 
856 4 |u http://is.stuba.sk/zp/portal_zp.pl?podrobnosti=111710 
996 |b 284EP11219  |c E*DIPL- 11219  |l EE32  |s P  |a 0  |w stuzp46851_0001 
SQL |a stuzp46851  |b DDP  |c SLO  |d Elastodynamická analýza elektrických lán so spojkou  |e 6102  |f Lukáč, Miroslav  |g 030400  |h 1830  |i Murín, Justín  |j 20150617  |k 79  |l 03  |m http://is.stuba.sk/zp/portal_zp.pl?podrobnosti=111710  |n I-EE  |o 5.2.9. elektrotechnika